Elementary electrical network theory /

Guardado en:
Autor Principal: Tucker, David G.
Formato: Libro
Idioma:English
Publicado: Oxford : Pergamon press, 1964.
Etiquetas: Agregar Etiqueta
Sin Etiquetas, Sea el primero en etiquetar este registro!
LEADER 00453nam a22001455a 4500
001 EUN.um034321
003 AR-BaUNS
005 20050623122908.0
008 041125s1964####xxka##########000#0#eng#d
245 1 0 |a Elementary electrical network theory /  |c David G. Tucker. 
260 |a Oxford :  |b Pergamon press,  |c 1964. 
300 |a 169 p. :  |b ilus. ;  |c 20 cm. 
100 1 |a Tucker, David G. 
082 0 4 |a 621.3045 
859 |a Ar-BaUNS  |b BIB. CENTRAL - Sector C  |h 621.3045  |i T795  |p 49962/968